000 00617nam a2200229Ia 4500
003 OSt
005 20221007081759.0
006 a|||||r|||| 00| 0
007 ta
008 221006b |||||||| |||| 00| 0 eng d
024 _a24,572
037 _cTextual
040 _aFLL
_cFLL
_beng
041 _2eng
_aeng
082 _aZ3:156, H7
100 _aJones J. Mervyn
_9266508
245 0 _aBritish nationality law and practice
260 _aOxford
_bThe Clarendon Press London
_c1947
300 _axxiv,451p
_ccm.
942 _hZ3:156, H7
_cTEXL
_2CC
999 _c1164241
_d1164241